Skoki Narciarskie - Medaliści Mistrzostw Świata z Japonii - Statystyki

Ogólne statystyki
  • Ten quiz został rozwiązany 65 razy
  • Średni wynik to 7 z 11
Statystyki odpowiedzi
Z S B Skoczek % Poprawnych
- 1x 5x Noriaki Kasai
98%
- 1x 2x Ryoyu Kobayashi
96%
- - 1x Junshiro Kobayashi
91%
1x - 4x Daiki Ito
87%
- 1x - Kazuyoshi Funaki
77%
- - 1x Yukiya Sato
72%
- - 2x Takanobu Okabe
62%
1x - 2x Taku Takeuchi
62%
- 1x - Hideharu Miyahira
36%
- - 2x Shohei Tochimoto
17%
- 1x - Akira Higashi
11%
Nie znaleziono quizów pasujących do podanych kryteriów
Rozkład punktacji
Procent ludzi z każdym wynikiem
Percentyl według liczby udzielonych odpowiedzi
Twoja historia wyników
Nie rozwiązałeś tego quizu